000 00327nam a22001457a 4500
008 210310b ||||| |||| 00| 0 eng d
020 _a9781418009588
041 _aeng
080 _a610.73
082 _a610.73
100 _a2
101 _aINF
245 _aAtlas of Medical-Surgical Nursing
_cTazbir,J
942 _2udc
_cBK
999 _c56273
_d56273